[Event "Foment Martinenc op-C 23rd"]
[Site "Barcelona"]
[Date "2023.06.10"]
[Round "8"]
[White "Berrozpe Gomez, Luis Ricardo"]
[Black "Abascal Vicente, Ignacio"]
[Result "0-1"]
[WhiteElo "1370"]
[BlackElo "1532"]
[PlyCount "88"]
[EventDate "2023.04.22"]
[EventType "swiss"]
[EventRounds "9"]
[EventCountry "ESP"]
[SourceTitle "EXT 2024"]
[Source "ChessBase"]
[SourceDate "2023.10.10"]
[SourceVersion "1"]
[SourceVersionDate "2023.10.10"]
[SourceQuality "1"]

1. e4 c5 2. Nf3 d6 3. d4 cxd4 4. Nxd4 Nf6 5. Nc3 g6 6. Bd3 Nc6 7. Nxc6 bxc6 8. Be3 Bg7 9. f3 0-0 10. Qd2 Qc7 11. 0-0 d5 12. Bf4 e5 13. Bg3 d4 14. Na4 c5 15. b3 Nh5 16. Nb2 Nxg3 17. hxg3 f5 18. Nc4 Be6 19. Rae1 Rae8 20. Qe2 Bd7 21. Kf2 Bc6 22. Nd2 Bh6 23. Rh1 Be3+ 24. Kf1 Qb7 25. exf5 gxf5 26. Bc4+ Kg7 27. Rd1 Bxd2 28. Qxd2 f4 29. Re1 Bxf3 30. gxf3 Qxf3+ 31. Qf2 Qxh1+ 32. Ke2 Qh5+ 33. Kd2 e4 34. Kc1 e3 35. Qg2 f3 36. Qf1 e2 37. Qf2 Qg5+ 38. Kb2 Qe3 39. Qh2 Qc3+ 40. Ka3 Qxe1 41. Bd3 h6 42. Qh4 Qd2 43. Qg4+ Qg5 44. Qd7+ Re7 0-1

[Event "Foment Martinenc op-C 23rd"]
[Site "Barcelona"]
[Date "2023.05.20"]
[Round "5"]
[White "Berrozpe Gomez, Luis Ricardo"]
[Black "Berbel Gutierrez, Jose Guillermo"]
[Result "0-1"]
[WhiteElo "1370"]
[BlackElo "1466"]
[PlyCount "100"]
[EventDate "2023.04.22"]
[EventType "swiss"]
[EventRounds "9"]
[EventCountry "ESP"]
[SourceTitle "EXT 2024"]
[Source "ChessBase"]
[SourceDate "2023.10.10"]
[SourceVersion "1"]
[SourceVersionDate "2023.10.10"]
[SourceQuality "1"]

1. e4 e6 2. d4 d5 3. Nc3 Nf6 4. Bg5 Be7 5. e5 Nfd7 6. Bxe7 Qxe7 7. f4 a6 8. Qg4 f6 9. Bd3 c5 10. Nf3 Nc6 11. 0-0 cxd4 12. Ne2 Nc5 13. Bxh7 Kd8 14. Bd3 Bd7 15. Nfxd4 f5 16. Qf3 Kc7 17. a3 Rag8 18. b4 Nxd4 19. Nxd4 Ne4 20. Bxe4 fxe4 21. Qe3 g5 22. fxg5 Rxg5 23. Nb3 b6 24. a4 Qg7 25. g3 Rgh5 26. Rf2 Qh7 27. Qe2 e3 28. Rg2 Qe4 29. a5 Bb5 30. axb6+ Kxb6 31. Nc5 Bxe2 32. Nxe4 Bf3 33. Nf6 R5h6 34. h4 Bxg2 35. Kxg2 Rd8 36. Kf3 d4 37. Rd1 Kb5 38. c3 Kc4 39. cxd4 Rxd4 40. Re1 Kxb4 41. Rxe3 a5 42. Ng4 Rh8 43. Nf2 Rhd8 44. h5 a4 45. Ne4 a3 46. Nd6 a2 47. Re1 Kb3 48. Nb5 Rd3+ 49. Ke2 Rd2+ 50. Ke3 Kb2 0-1